000 00294nam a22001217a 4500
008 180427b xxu||||| |||| 00| 0 eng d
041 _aeng
080 _a043.3
100 _a0
101 _aSHKI-BTH
245 _aBashkëjetesa në mes protokoleve Ipv4 dhe Ipv6
_cBadivuku,E
942 _2udc
_cBK
999 _c45645
_d45645